|
|
|
|
| LEADER |
00000nab a22000001a 4500 |
| 001 |
vtls008998722 |
| 003 |
SK-MaSNL |
| 005 |
20260303065855.0 |
| 008 |
070613d1928 xo |r|p|||| |000 b|slo |
| 015 |
|
|
|a SNBRRBVU1918-1938
|
| 038 |
|
|
|a SNKBUCL
|
| 038 |
|
|
|a SNKBUVU
|
| 040 |
|
|
|a SNKBUVU
|b slo
|c SNKBUCL
|e AACR2
|
| 041 |
0 |
|
|a slo
|
| 044 |
|
|
|a xo
|c SK
|
| 080 |
|
|
|a 75.05:741/744
|2 1997
|
| 080 |
|
|
|a 741/744
|2 1997
|
| 100 |
1 |
|
|a Dudáš, Milan
|4 aut
|9 1064064
|
| 245 |
1 |
0 |
|a Pri potoku
|c Milan Dudáš
|
| 650 |
0 |
7 |
|a slovenské maliarstvo
|2 MM
|9 3124
|
| 650 |
0 |
7 |
|a kresby
|2 MM
|9 30084
|
| 655 |
|
7 |
|a reprodukcie výtvarných diel
|2 MM
|9 310790
|
| 773 |
0 |
|
|t Posol dietok
|g Roč. 3, č. 10 (1928/29), s. 74
|
| 852 |
|
|
|a SNK
|b KIS3GCP
|
| 910 |
|
|
|a snkrbvumm
|
| 958 |
|
|
|a VY
|
| 999 |
|
|
|c 1753076
|d 1755006
|